01455naa a2200253 i 45000010005000000030009000050050017000140080039000310400021000700410013000910800010001041000147001142450139002612460096004005000021004965200292005176500022008096500013008317000141008447730151009859420013011369990015011499520037011642488KOSZ 00520180203102230.0140220s2009 pl f |000 0 pol cBPKdKOSZ 005/EG apolbeng a628.41 aSZYMAŃSKI, Kazimierz.d1996 - .bPolitechnika Koszalińska - Wydział Budownictwa i Inżynierii Środowiska,cKatedra Gospodarki Odpadami10aWpływ niektórych parametrów kompostowania osadów ściekowych na jakość kompostu /cKazimierz Szymański, Robert Sidełko. aImpact of selected technological parameters into quantity of compost based on sludge sewage aDane z autopsji. aW pracy przedstawiono wyniki badań próbek kompostu pobieranych w kolejnych fazach produkcji, opartej o technologię dwuetapową. Surowiec do kompostowania stanowiły odwodnione mechanicznie, niestabilizowane osady ściekowe z oczyszczalni ścieków komunalnych w Kościerzynie. 0aOsady ściekowe. 0aKompost.1 aSIDEŁKO, Robert.d1996 - .bPolitechnika Koszalińska - Wydział Budownictwa i Inżynierii Środowiska,cKatedra Gospodarki Odpadami0 iW :tGospodarka odpadami komunalnymi : praca zbiorowa. T. 5 / pod red. Kazimierza Szymańskiego. -dKoszalin : Wydaw. FENIKS, 2009. -gs. 147-155 cROZ2UKD c2488d2488 00104070aBPKbBPKo94448yROZ